00742nam a2200253 a 4500001001300000003000900013005001700022008004100039020001000080082001800090100001900108245005900127260004400186300000900230500003500239505001000274650001900284650004000303700001900343902000800362942000700370952009600377999001500473nice12345678IN_TiNIC20260116011712.0050524s1972 bana grp 000 0 eng  ac7.500a230.0954bCHE aChethimattam,  aUnique and Universalb Introduction to Indian Theology aBangalorebDharmaram Publicationsc1972 a230p aincludes index and biblioraphy2 aIndex aTheology-India aComparative Religion-Chris& Hinduis1 aChethimattam,  bSRS cBK 00104070aHMIbHMId2007-06-13g7.50l0o230.0954 CHEp07470r2007-06-13w2026-01-16yEB c3467d3467